Acta anthropologica : Juan Pérez Jolote : biografía de un tzotzil /

Tallennettuna:
Bibliografiset tiedot
Päätekijä: Pozas Arciniega, Ricardo (autor)
Muut tekijät: Calle Illera, Chita de la (edición) (edición)
Aineistotyyppi: Kirja
Kieli:espanja
Aiheet:
Tagit: Lisää tagi
Ei tageja, Lisää ensimmäinen tagi!

MARC

LEADER 00000nam^a2200000^a^4500
001 000099910
005 20250521000000.0
009 20260310093145.819
037 |a Acervo ITESO - Biblioteca 
041 |a ESP 
082 |a 300. 5  |b ACT 1948 V. 3 T. 3 
100 |a Pozas Arciniega, Ricardo  |e (autor) 
240 1 1 |a [Acta anthropologica] 
240 1 1 |a [Juan Pérez Jolote: biografía de un tzotzil] 
245 1 0 |a Acta anthropologica :  |b Juan Pérez Jolote : biografía de un tzotzil /  |c R. Pozas Arciniega ; ed. de C. de la Calle Illera. 
264 |a México :  |b Escuela Nacional de Antropología e Historia,  |c 1948 
300 |a 371 p. 
336 |a texto  |b txt  |2 rdacontenido 
337 |a sin mediación  |b n  |2 rdamedio 
338 |a volumen  |b nc  |2 rdasoporte 
649 |a XX 
650 |a Antropología -  |x Publicaciones Periódicas Mexicanas 
650 |a Tzotziles -  |x Condiciones Sociales y Culturales -  |x Tema Principal 
650 |a Mayas -  |x Condiciones Sociales y Culturales 
650 |a Indígenas de México -  |z Chiapas -  |x Condiciones Sociales y Culturales 
650 |a Indígenas de México -  |x Biografías 
650 |a Novela Mexicana 
650 |a Literatura Mexicana -  |y Siglo XX 
650 |a Literatura Indigenista -  |z México 
650 |a Prácticas Culturales -  |z México 
650 |a Antropología Cultural 
650 |a Sociología de la Cultura 
650 |a Publicaciones Periódicas Mexicanas 
700 |a Calle Illera, Chita de la  |e (edición) 
910 |a Fondo Salvador Reynoso Reynoso 
920 |a Impresos - Libros 
930 |a Fondos Especiales 
905 |a 112 
901 |a 0500034679  |b IT2  |c ESP  |u 20250521 
902 |a https://opac.biblio.iteso.mx/vufind/Record/000099910